Largest Companies in Europe - Statistics

General Stats
  • This quiz has been taken 201 times
  • The average score is 29 of 100
Answer Stats
Rank Company Industry Revenue
(US$ billions)
Headquarters % Correct
1 Volkswagen Automotive 348.408 Germany
96%
7 BMW Automotive 168.902 Germany
87%
8 Mercedes-Benz Group Automotive 165.637 Germany
85%
2 Shell Oil & Gas 323.183 UK
79%
5 BP Oil & Gas 213.032 UK
75%
18 Nestlé Consumer goods 103.505 Switzerland
69%
10 Banco Santander Financial services 137.244 Spain
63%
47 Deutsche Bank Financial services 65.978 Germany
54%
12 HSBC Financial services 134.901 UK
53%
22 Gazprom Oil & Gas 100.252 Russia
52%
13 Deutsche Telekom Telecommunications 121.046 Germany
49%
3 TotalEnergies Oil & Gas 218.945 France
49%
60 Renault Automotive 56.622 France
48%
41 Airbus Aerospace & Defense 70.751 Netherlands
46%
35 Siemens Conglomerate 82.932 Germany
45%
6 Stellantis Automotive 204.908 Netherlands
45%
34 Tesco Retail 86.231 UK
45%
66 Volvo Heavy equipment 52.102 Sweden
44%
11 BNP Paribas Financial services 136.076 France
43%
78 Vodafone Telecommunications 48.872 UK
43%
15 Allianz Financial services 113.517 Germany
41%
50 Barclays Financial services 63.801 UK
41%
65 Deutsche Bahn Transport 53.198 Germany
41%
56 ING Financial services 60.401 Netherlands
40%
69 Bayer Pharmaceuticals 51.498 Germany
38%
24 Bosch Conglomerate 99.020 Germany
38%
28 Carrefour Retail 91.791 France
38%
33 DHL Courier 88.385 Germany
37%
40 UBS Group Financial services 71.245 Switzerland
37%
49 Unilever Consumer goods 64.436 UK
37%
91 L'Oréal Cosmetics 44.521 France
35%
21 E.ON Electric utility 101.280 Germany
34%
20 Eni Oil & Gas 102.501 Italy
32%
62 Novartis Pharmaceuticals 54.088 Switzerland
30%
84 Orange S.A. Financial services 47.699 France
30%
44 Roche Pharmaceuticals 67.270 Switzerland
30%
30 Axa Insurance 90.406 France
29%
55 Daimler Truck Automotive 60.420 Germany
29%
82 UniCredit Financial services 48.044 Italy
29%
38 BASF Chemicals 74.487 Germany
27%
26 Crédit Agricole Financial services 93.358 France
27%
88 Crédit Agricole Financial services 45.490 France
27%
27 Dior Luxury goods 93.136 France
27%
98 Inditex Retail 38.903 Spain
27%
29 Rewe Group Retail 90.795 Germany
27%
16 Rosneft Oil & Gas 107.543 Russia
27%
46 Lloyds Banking Group Financial services 66.698 UK
26%
96 Lufthansa Transportation 40.455 Germany
26%
74 Sanofi Pharmaceuticals 50.209 France
26%
92 Telefónica Telecommunications 43.947 Spain
26%
59 Repsol Energy production 56.981 Spain
25%
48 Accenture Consulting 64.987 Ireland
24%
58 Assicurazioni Generali Financial services 57.023 Italy
24%
45 BBVA Financial services 66.978 Spain
24%
37 Lukoil Oil & Gas 75.013 Russia
24%
95 Sainsbury's Retail 41.088 UK
24%
64 Iberdrola Electric utility 63.334 Spain
23%
31 Engie Electric utility 89.258 France
22%
17 Equinor Petroleum industry 107.174 Norway
22%
57 AB InBev Beverages 59.380 Belgium
21%
19 Enel Electric utility 103.311 Italy
21%
51 Munich Re Financial services 63.353 Germany
21%
53 Zurich Insurance Group Financial services 60.645 Switzerland
21%
9 Électricité de France Electric utility 151.040 France
20%
4 Glencore Conglomerate 217.829 Switzerland
20%
36 Vinci Construction 75.551 France
20%
63 Rio Tinto Mining 54.041 UK
19%
42 ArcelorMittal Steel 68.275 Luxembourg
18%
87 AstraZeneca Pharmaceuticals 45.811 UK
18%
99 Schneider Electric Electrical equipment 38.812 France
18%
25 Ahold Delhaize Retail 95.834 Netherlands
17%
43 Koç Holding Conglomerate 67.483 Turkey
17%
75 Swiss Re Financial services 49.800 Switzerland
17%
90 Continental Auto and truck parts 44.778 Germany
16%
61 Edeka Retails 54.455 Germany
16%
32 Orlen Oil & Gas 88.718 Poland
16%
68 Saint-Gobain Building materials 51.830 France
15%
100 ACS Group Engineering 38.635 Spain
14%
70 Maersk Conglomerate 51.065 Denmark
14%
54 Bouygues Conglomerate 60.600 France
13%
89 SNCF Transport 45.145 France
13%
67 Intesa Sanpaolo Financial services 52.004 Italy
12%
72 Louis Dreyfus Company Agricultural commodities 50.624 France
11%
23 SocGen Financial services 99.163 France
11%
76 Chubb Insurance 49.735 Switzerland
10%
80 Exor Investment 48.369 Netherlands
10%
93 OMV Oil & Gas 42.662 Austria
10%
52 Sberbank Financial services 63.330 Russia
10%
73 ZF Friedrichshafen Auto and truck parts 50.407 Germany
10%
97 ThyssenKrupp Conglomerate 40.028 Germany
9%
77 Veolia Environmental services 49.027 France
9%
71 Phoenix Pharmahandel Pharmaceuticals 50.935 Germany
8%
83 EnBW Telecommunications 48.032 Germany
7%
94 LyondellBasell Chemicals 41.107 Netherlands
7%
39 Groupe BPCE Financial services 73.775 France
6%
14 Uniper Electric utility 116.662 Germany
5%
85 INGKA Holding Auto and truck parts 46.938 Netherlands
3%
79 Landesbank Baden-Württemberg Financial services 48.567 Germany
2%
86 Talanx Financial services 46.156 Germany
2%
81 Unédic Financial services 48.129 France
1%
No matching quizzes found
Score Distribution
Percent of People with Each Score
Percentile by Number Answered
Your Score History
You have not taken this quiz